[Event "CZE-chT1W 2425"]
[Site "Czech Republic"]
[Date "2025.02.16"]
[Round "8.1"]
[White "Miesbauer, Jan"]
[Black "Mladek, Richard"]
[Result "0-1"]
[WhiteElo "2406"]
[BlackElo "2386"]
[PlyCount "72"]
[EventDate "2024.10.20"]
[EventType "team-tourn"]
[EventRounds "11"]
[EventCountry "CZE"]
[SourceTitle "CB16_2025"]
[SourceDate "2025.04.16"]
[SourceVersion "1"]
[SourceVersionDate "2025.04.16"]
[SourceQuality "1"]
[WhiteTeam "Pisek"]
[BlackTeam "Vlasim Spartak"]
[WhiteTeamCountry "CZE"]
[BlackTeamCountry "CZE"]

1. e4 e5 2. Nf3 Nc6 3. Bc4 Nf6 4. d3 Be7 5. 0-0 0-0 6. Re1 d6 7. c3 Na5 8. Bb5 a6 9. Ba4 b5 10. Bc2 c5 11. Nbd2 Nc6 12. a4 Be6 13. Nf1 b4 14. Ne3 Rb8 15. d4 b3 16. Bb1 cxd4 17. cxd4 exd4 18. Nxd4 Nxd4 19. Qxd4 Nd7 20. Nd5 Bxd5 21. Qxd5 Nc5 22. Be3 Re8 23. Re2 Bf6 24. Ra3 Rb4 25. f3 Qb8 26. Rd2 Nxa4 27. Rd3 Nxb2 28. Rdxb3 Rc8 29. Ba2 Nc4 30. Bd2 Qb6+ 31. Kf1 Nxd2+ 32. Qxd2 Qb5+ 33. Kf2 Qc5+ 34. Kg3 Rd4 35. Qe3 Qh5 36. Kf2 Qh4+ 0-1

[Event "CZE-ch Blitz"]
[Site "Brno"]
[Date "2024.12.21"]
[Round "5"]
[White "Mladek, Richard"]
[Black "Bures, Jaroslav"]
[Result "1/2-1/2"]
[WhiteElo "2382"]
[BlackElo "2404"]
[PlyCount "121"]
[EventDate "2024.12.21"]
[EventType "swiss (blitz)"]
[EventRounds "15"]
[EventCountry "CZE"]
[SourceTitle "CB52_2024"]
[SourceDate "2024.12.25"]
[SourceVersion "1"]
[SourceVersionDate "2024.12.25"]
[SourceQuality "1"]

1. Nf3 d5 2. g3 Bg4 3. Bg2 Nd7 4. 0-0 Ngf6 5. c4 e6 6. cxd5 exd5 7. d3 Be7 8. h3 Bxf3 9. Bxf3 0-0 10. Nc3 Ne5 11. Bg2 d4 12. Ne4 c6 13. Nxf6+ Bxf6 14. b4 a6 15. Qb3 Re8 16. a4 Nd7 17. Ra2 Nb6 18. Rc2 Qd7 19. Kh2 Rad8 20. Bb2 Nd5 21. Re1 Nc7 22. Bf3 Qe6 23. Qxe6 Rxe6 24. Ba3 g6 25. Rb1 h5 26. h4 Kg7 27. Bc1 Ree8 28. Bd2 Re7 29. Kg2 Ree8 30. b5 axb5 31. Ba5 Rc8 32. Bxc7 Rxc7 33. axb5 Rec8 34. Rbc1 Be7 35. bxc6 bxc6 36. Rxc6 Rxc6 37. Rxc6 Rxc6 38. Bxc6 Kf6 39. Kf3 Bb4 40. Bd7 Be1 41. Bc8 Ke7 42. e3 dxe3 43. fxe3 f6 44. d4 Kd6 45. Ba6 f5 46. Bb5 Ke7 47. Bc4 Kf6 48. Bd3 Ke7 49. Kf4 Kf6 50. e4 fxe4 51. Bxe4 Bb4 52. g4 Bd6+ 53. Kf3 hxg4+ 54. Kxg4 Bc7 55. Kf3 Bb6 56. Ke3 Ba7 57. Kd3 Bb8 58. Bf3 Bg3 59. h5 gxh5 60. Bxh5 Ke7 61. Bg4 1/2-1/2

[Event "Pardubice Czech op-A 35th"]
[Site "Pardubice"]
[Date "2024.07.23"]
[Round "5"]
[White "Heinrich, John"]
[Black "Mladek, Richard"]
[Result "1/2-1/2"]
[WhiteElo "2259"]
[BlackElo "2385"]
[PlyCount "70"]
[EventDate "2024.07.19"]
[EventType "swiss"]
[EventRounds "9"]
[EventCountry "CZE"]
[SourceTitle "CBM 221 Extra"]
[Source "ChessBase"]
[SourceDate "2024.09.30"]
[SourceVersion "1"]
[SourceVersionDate "2024.09.30"]
[SourceQuality "1"]

1. e4 c5 2. Nf3 d6 3. Bb5+ Bd7 4. Bxd7+ Nxd7 5. 0-0 Ngf6 6. Re1 Rc8 7. c3 Qc7 8. Na3 e6 9. d4 cxd4 10. cxd4 d5 11. e5 Ne4 12. Ng5 Bxa3 13. Nxe4 dxe4 14. bxa3 Qc3 15. Bg5 0-0 16. Re3 Qc2 17. Qg4 Rc3 18. Rf1 h5 19. Qg3 Rfc8 20. Bf6 g6 21. Qf4 Nxf6 22. exf6 Kh7 23. Rxc3 Qxc3 24. Qxe4 Qc6 25. Qf4 Qd5 26. h3 g5 27. Qe3 Qf5 28. f3 Qxf6 29. Rb1 b6 30. Rb5 Kg6 31. h4 gxh4 32. Qe4+ Kh6 33. Qe3+ Kg6 34. Qe4+ Kh6 35. Qe3+ Kg6 1/2-1/2

[Event "FISU World University"]
[Site "Entebbe"]
[Date "2024.06.30"]
[Round "9"]
[White "Mladek, Richard"]
[Black "Janik, Igor"]
[Result "1/2-1/2"]
[WhiteElo "2385"]
[BlackElo "2511"]
[PlyCount "160"]
[EventDate "2024.06.25"]
[EventType "swiss"]
[EventRounds "9"]
[EventCountry "UGA"]
[SourceTitle "CBM 220 Extra"]
[Source "ChessBase"]
[SourceDate "2024.07.31"]
[SourceVersion "1"]
[SourceVersionDate "2024.07.31"]
[SourceQuality "1"]

1. d4 g6 2. e4 Bg7 3. Nf3 d6 4. Bc4 c6 5. 0-0 d5 6. exd5 cxd5 7. Bd3 Nf6 8. Re1 0-0 9. c3 Bf5 10. Bxf5 gxf5 11. Qb3 Qc7 12. Ne5 e6 13. Nd3 Nbd7 14. Bf4 Qc6 15. a4 Nh5 16. Bg5 Kh8 17. Na3 a6 18. Rac1 Rg8 19. Qd1 Nhf6 20. Bf4 Bf8 21. Re3 Bd6 22. Ne5 Bxe5 23. dxe5 Ng4 24. Re2 Rg6 25. h3 Nh6 26. c4 dxc4 27. g3 b5 28. Rd2 Nc5 29. Nxc4 bxc4 30. Rxc4 Kg7 31. Rd6 Qb7 32. Rxc5 Qxb2 33. Rd8 Rxd8 34. Qxd8 Ng8 35. Qd7 Qb1+ 36. Rc1 Qe4 37. Rc7 Nh6 38. Qd8 Qe1+ 39. Kg2 Qe4+ 40. Kh2 Qe2 41. Qd2 Qf3 42. Kg1 Ng8 43. Bg5 Qh5 44. h4 h6 45. Qd7 hxg5 46. Qxf7+ Kh8 47. hxg5 Rxg5 48. Qxh5+ Rxh5 49. Ra7 Rh7 50. Rxa6 Re7 51. Ra8 Kg7 52. a5 Rc7 53. Rb8 Ra7 54. Rb6 Rxa5 55. Rxe6 Kf7 56. Rb6 Rxe5 57. g4 fxg4 58. f3 gxf3 59. Kf2 Nf6 60. Kxf3 Kg6 61. Ra6 Kf5 62. Ra8 Rb5 63. Ke3 Rb4 64. Ra5+ Ke6 65. Kf3 Nd7 66. Ra8 Kf5 67. Ke3 Re4+ 68. Kd3 Ne5+ 69. Kc3 Kf4 70. Rf8+ Ke3 71. Rh8 Rc4+ 72. Kb3 Rc7 73. Kb4 Nd3+ 74. Kb5 Rc5+ 75. Kb6 Rd5 76. Rh3+ Kd4 77. Rh4+ Kc3 78. Kc6 Nb4+ 79. Rxb4 Rd6+ 80. Kxd6 Kxb4 1/2-1/2

[Event "CZE-chT 2324"]
[Site "Czech Republic"]
[Date "2024.04.06"]
[Round "10.6"]
[White "Baklan, Vladimir"]
[Black "Mladek, Richard"]
[Result "1-0"]
[WhiteElo "2531"]
[BlackElo "2400"]
[PlyCount "85"]
[EventDate "2023.10.14"]
[EventType "team-tourn"]
[EventRounds "11"]
[EventCountry "CZE"]
[SourceTitle "EXT 2025"]
[Source "ChessBase"]
[SourceDate "2024.10.14"]
[SourceVersion "1"]
[SourceVersionDate "2024.10.14"]
[SourceQuality "1"]
[WhiteTeam "Lysa nad Labem"]
[BlackTeam "Kromeriz Slavia"]
[WhiteTeamCountry "CZE"]
[BlackTeamCountry "CZE"]

1. e4 c5 2. Nf3 d6 3. d4 cxd4 4. Nxd4 Nf6 5. Nc3 a6 6. h3 e5 7. Nf3 Qc7 8. a4 h6 9. g3 Nc6 10. Bg2 Nb4 11. 0-0 Be6 12. a5 Nc6 13. Nd5 Bxd5 14. exd5 Nxa5 15. b3 Rc8 16. Bd2 b6 17. Qe2 Be7 18. Nh4 0-0 19. Nf5 Bd8 20. Rfc1 Qd7 21. Ne3 Nb7 22. Rxa6 Nc5 23. Raa1 b5 24. Be1 Bb6 25. Kh2 Nce4 26. c4 Bd4 27. Rab1 Rb8 28. b4 Ng5 29. c5 dxc5 30. bxc5 Bxe3 31. c6 Qf5 32. Qxe3 Nxd5 33. Bxd5 e4 34. Bxe4 Nxe4 35. c7 Rbc8 36. Qd3 Rfe8 37. Rxb5 Qf6 38. Kg2 Qa6 39. h4 Qa8 40. Qf3 Re6 41. Rc4 Qa6 42. Rb8 Nd6 43. Rc6 1-0

[Event "Karlsruhe Grenke op"]
[Site "Karlsruhe"]
[Date "2024.04.01"]
[Round "9"]
[White "Mladek, Richard"]
[Black "Fischer, Sebastian"]
[Result "1/2-1/2"]
[WhiteElo "2393"]
[BlackElo "2201"]
[PlyCount "26"]
[EventDate "2024.03.28"]
[EventType "swiss"]
[EventRounds "9"]
[EventCountry "GER"]
[SourceTitle "EXT 2025"]
[Source "ChessBase"]
[SourceDate "2024.10.14"]
[SourceVersion "1"]
[SourceVersionDate "2024.10.14"]
[SourceQuality "1"]

1. e4 d5 2. exd5 Qxd5 3. Nc3 Qa5 4. d4 Nf6 5. Nf3 Bf5 6. Bc4 e6 7. Bd2 Bb4 8. 0-0 Nc6 9. d5 exd5 10. Re1+ Be6 11. Bb5 0-0 12. Bxc6 bxc6 13. a3 Be7 1/2-1/2

[Event "CZE-chT 2324"]
[Site "Czech Republic"]
[Date "2024.01.28"]
[Round "6.7"]
[White "Mladek, Richard"]
[Black "Nemec, Jachym"]
[Result "1-0"]
[WhiteElo "2369"]
[BlackElo "2346"]
[PlyCount "135"]
[EventDate "2023.10.14"]
[EventType "team-tourn"]
[EventRounds "11"]
[EventCountry "CZE"]
[SourceTitle "EXT 2025"]
[Source "ChessBase"]
[SourceDate "2024.10.14"]
[SourceVersion "1"]
[SourceVersionDate "2024.10.14"]
[SourceQuality "1"]
[WhiteTeam "Kromeriz Slavia"]
[BlackTeam "Pardubice"]
[WhiteTeamCountry "CZE"]
[BlackTeamCountry "CZE"]

1. d4 d5 2. c4 e6 3. Nc3 Nf6 4. cxd5 exd5 5. Bg5 Bb4 6. e3 h6 7. Bh4 g5 8. Bg3 Ne4 9. Nge2 h5 10. h4 Nxg3 11. Nxg3 gxh4 12. Nxh5 c6 13. Bd3 Qg5 14. Nf4 Bd6 15. Qd2 Nd7 16. 0-0-0 Nf6 17. f3 Rh6 18. Rdg1 Bd7 19. Nh3 Qg7 20. e4 Bg3 21. Nf4 dxe4 22. fxe4 Ng4 23. Rf1 0-0-0 24. e5 c5 25. Ne4 cxd4 26. Nd6+ Kb8 27. Qa5 Bxf4+ 28. Kb1 Bg5 29. Rc1 Rxd6 30. exd6 b6 31. Qa6 Bxc1 32. Be4 Bc6 33. Bxc6 Qh7+ 34. Kxc1 f5 35. Rxh4 Qg7 36. Kb1 Ne5 37. Bd5 d3 38. Qa4 d2 39. Rd4 Qd7 40. Qxd7 Nxd7 41. Be6 Ne5 42. Rxd2 f4 43. b4 a6 44. a4 f3 45. gxf3 Nxf3 46. Rd5 Nh4 47. Bf7 Rd7 48. Be8 Rd8 49. d7 Ng2 50. Re5 Nf4 51. Kc2 Kc7 52. Kc3 Kd6 53. Kd4 Ne6+ 54. Ke4 a5 55. Rd5+ Kc6 56. b5+ Kc7 57. Ke5 Nc5 58. Rd6 Rb8 59. Rc6+ Kd8 60. Rh6 Nxa4 61. Kd6 Nc3 62. Kc6 a4 63. Rh8 Ke7 64. Rh7+ Kd8 65. Rh8 Ke7 66. Kc7 Ra8 67. Rh7+ Ke6 68. d8Q 1-0

[Event "CZE-chT1W 2324"]
[Site "Czech Republic"]
[Date "2024.01.21"]
[Round "6.1"]
[White "Mladek, Richard"]
[Black "Nemec, Jachym"]
[Result "0-1"]
[WhiteElo "2369"]
[BlackElo "2346"]
[PlyCount "86"]
[EventDate "2023.10.29"]
[EventType "team-tourn"]
[EventRounds "11"]
[EventCountry "CZE"]
[SourceTitle "EXT 2025"]
[Source "ChessBase"]
[SourceDate "2024.10.14"]
[SourceVersion "1"]
[SourceVersionDate "2024.10.14"]
[SourceQuality "1"]
[WhiteTeam "Vlasim Spartak"]
[BlackTeam "Ricany Betsys"]
[WhiteTeamCountry "CZE"]
[BlackTeamCountry "CZE"]

1. d4 d5 2. c4 e6 3. Nf3 Nf6 4. Nc3 Bb4 5. e3 0-0 6. Bd2 Nbd7 7. Rc1 a5 8. a3 Be7 9. Bd3 dxc4 10. Bxc4 b6 11. e4 Bb7 12. e5 Ne4 13. Nxe4 Bxe4 14. Qe2 Bxf3 15. gxf3 c5 16. dxc5 Bxc5 17. Bf4 Qh4 18. Bg3 Qh6 19. 0-0 Rfd8 20. Qe4 Nf8 21. Rfd1 Rab8 22. Kg2 Ng6 23. Be2 Qg5 24. b4 axb4 25. axb4 Be7 26. Rc7 Rxd1 27. Bxd1 Qd2 28. Bc2 Qxb4 29. Rc4 Qa5 30. h4 b5 31. Rc6 b4 32. h5 Nf8 33. Qc4 Rb5 34. Qd3 Rc5 35. Ra6 Qc7 36. Bb1 Qb7 37. Bf4 Rc3 38. Qe2 Ra3 39. Bd3 Nd7 40. Be3 Rxa6 41. Bxa6 Qd5 42. Bf4 Qd4 43. Bg3 Nc5 0-1

[Event "CZE-chT 2324"]
[Site "Czech Republic"]
[Date "2023.12.16"]
[Round "3.4"]
[White "Mladek, Richard"]
[Black "Smolik, Jachym"]
[Result "1/2-1/2"]
[WhiteElo "2369"]
[BlackElo "2339"]
[PlyCount "93"]
[EventDate "2023.10.14"]
[EventType "team-tourn"]
[EventRounds "11"]
[EventCountry "CZE"]
[SourceTitle "EXT 2025"]
[Source "ChessBase"]
[SourceDate "2024.10.14"]
[SourceVersion "1"]
[SourceVersionDate "2024.10.14"]
[SourceQuality "1"]
[WhiteTeam "Kromeriz Slavia"]
[BlackTeam "Ingem Line"]
[WhiteTeamCountry "CZE"]
[BlackTeamCountry "CZE"]

1. d4 Nf6 2. c4 e6 3. Nc3 Bb4 4. e3 0-0 5. Bd2 d5 6. a3 Be7 7. Nf3 b6 8. cxd5 exd5 9. b4 c6 10. Bd3 Bg4 11. 0-0 Bd6 12. e4 dxe4 13. Nxe4 Nxe4 14. Bxe4 f5 15. Qb3+ Kh8 16. Bc2 Na6 17. Rfe1 Nc7 18. Bg5 Qd7 19. Ne5 Bxe5 20. Rxe5 Rae8 21. Rae1 Rxe5 22. dxe5 Ne6 23. Bc1 f4 24. Qd3 Qxd3 25. Bxd3 Rd8 26. Bc4 Rd4 27. Ba2 Kg8 28. f3 Bf5 29. g4 fxg3 30. hxg3 h5 31. Kf2 Kf7 32. Be3 Rd7 33. Rh1 g6 34. Rc1 Rd3 35. Rxc6 Rxa3 36. Bc4 Ke7 37. b5 Ra4 38. Bxe6 Bxe6 39. Bg5+ Kf7 40. Rc7+ Kf8 41. Be7+ Kg8 42. Ke3 Bd5 43. Bf6 Kf8 44. Re7 Ra1 45. Rc7 Ra4 46. Re7 Ra1 47. Rc7 1/2-1/2

[Event "CZE-chT1W 2324"]
[Site "Czech Republic"]
[Date "2023.11.26"]
[Round "3.1"]
[White "Mladek, Richard"]
[Black "Kraus, Tomas"]
[Result "0-1"]
[WhiteElo "2369"]
[BlackElo "2491"]
[PlyCount "102"]
[EventDate "2023.10.29"]
[EventType "team-tourn"]
[EventRounds "11"]
[EventCountry "CZE"]
[SourceTitle "EXT 2025"]
[Source "ChessBase"]
[SourceDate "2024.10.14"]
[SourceVersion "1"]
[SourceVersionDate "2024.10.14"]
[SourceQuality "1"]
[WhiteTeam "Vlasim Spartak"]
[BlackTeam "Lysa nad Labem II"]
[WhiteTeamCountry "CZE"]
[BlackTeamCountry "CZE"]

1. d4 Nf6 2. c4 e6 3. Nc3 Bb4 4. e3 0-0 5. Bd2 c5 6. a3 Bxc3 7. Bxc3 Ne4 8. Rc1 b6 9. dxc5 Nxc3 10. Rxc3 bxc5 11. Nf3 Nc6 12. Bd3 Rb8 13. Qc2 f5 14. 0-0 Qf6 15. e4 g6 16. Qd2 f4 17. Be2 Kg7 18. Rb1 e5 19. Rd3 Qe7 20. Rd5 Rf6 21. Rd1 Re6 22. g3 fxg3 23. hxg3 Nd4 24. Nxd4 exd4 25. b4 d6 26. bxc5 dxc5 27. Qa5 Rc6 28. Qd8 Qxd8 29. Rxd8 Rb2 30. Bf1 Bg4 31. Rd3 Rb1 32. Kg2 h5 33. Re8 Kf7 34. Rh8 Kg7 35. Re8 Rc7 36. e5 Kf7 37. Rh8 Kg7 38. Re8 Bf5 39. Rd2 Kf7 40. Rh8 Kg7 41. Re8 Bd7 42. Rd8 Bc6+ 43. f3 Rf7 44. Be2 Rb3 45. e6 Re7 46. Rd6 Rb6 47. Kf2 Kf6 48. Bd3 Bb7 49. Rxb6 axb6 50. Be4 Bxe4 51. fxe4 Ke5 0-1

[Event "CZE-chT 2324"]
[Site "Czech Republic"]
[Date "2023.10.14"]
[Round "1.4"]
[White "Mladek, Richard"]
[Black "Havelka, Josef"]
[Result "1-0"]
[WhiteElo "2369"]
[BlackElo "2352"]
[PlyCount "91"]
[EventDate "2023.10.14"]
[EventType "team-tourn"]
[EventRounds "11"]
[EventCountry "CZE"]
[SourceTitle "CBM 216 Extra"]
[Source "ChessBase"]
[SourceDate "2023.11.30"]
[SourceVersion "1"]
[SourceVersionDate "2023.11.30"]
[SourceQuality "1"]
[WhiteTeam "Kromeriz Slavia"]
[BlackTeam "Novoborsky"]
[WhiteTeamCountry "CZE"]
[BlackTeamCountry "CZE"]

1. d4 Nf6 2. c4 g6 3. Nc3 Bg7 4. e4 d6 5. h3 0-0 6. Be3 Nc6 7. Nge2 e5 8. d5 Nd4 9. Qd2 c5 10. dxc6 Nxe2 11. c7 Qxc7 12. Bxe2 Be6 13. Rc1 Ne8 14. g4 f5 15. gxf5 gxf5 16. exf5 Bxf5 17. h4 Nf6 18. h5 Ne4 19. Qd5+ Qf7 20. h6 Nxc3 21. Rxc3 Bf6 22. Bg4 Bxg4 23. Rg1 Qxd5 24. cxd5 Rfc8 25. Rxg4+ Kf7 26. Rb4 b6 27. Ra4 Rxc3 28. bxc3 Bd8 29. Ke2 a6 30. Rg4 Bf6 31. Rc4 b5 32. Rc6 a5 33. Rxd6 b4 34. Kd3 bxc3 35. Kxc3 e4+ 36. Kc4 a4 37. Re6 Rb8 38. Ra6 Rc8+ 39. Rc6 Rb8 40. Ra6 Rc8+ 41. Kb5 Rd8 42. d6 a3 43. Kc5 Ke6 44. d7+ Ke7 45. Rxf6 Kxf6 46. Kd6 1-0

[Event "Titled Tuesday intern op 26th Sep Early"]
[Site "Chess.com INT"]
[Date "2023.09.26"]
[Round "5"]
[White "Haitin, Ilja"]
[Black "Mladek, Richard"]
[Result "0-1"]
[WhiteElo "2284"]
[BlackElo "2369"]
[PlyCount "60"]
[EventDate "2023.09.26"]
[EventType "swiss (blitz)"]
[EventRounds "11"]
[EventCountry "USA"]
[SourceTitle "EXT 2024"]
[Source "ChessBase"]
[SourceDate "2023.10.10"]
[SourceVersion "1"]
[SourceVersionDate "2023.10.10"]
[SourceQuality "1"]

1. Nf3 d5 2. e3 Nf6 3. b3 g6 4. Bb2 Bg7 5. d4 0-0 6. Be2 c5 7. 0-0 cxd4 8. Nxd4 b6 9. c4 Bb7 10. Nc3 dxc4 11. Bxc4 Nbd7 12. Qe2 a6 13. Rfd1 b5 14. Bd3 Qb6 15. Rac1 Rfd8 16. Bb1 Rac8 17. Nf3 Nc5 18. h3 b4 19. Na4 Nxa4 20. bxa4 a5 21. Rxc8 Rxc8 22. Nd4 Nd5 23. Be4 Nc3 24. Bxc3 Bxe4 25. Ba1 Bd5 26. Nb3 Bc4 27. Qg4 Be6 28. Bd4 Bxg4 29. Bxb6 Bxd1 30. Nxa5 Bxa4 0-1

[Event "Titled Tuesday intern op 26th Sep Early"]
[Site "Chess.com INT"]
[Date "2023.09.26"]
[Round "3"]
[White "Mladek, Richard"]
[Black "Balint, Vilmos"]
[Result "0-1"]
[WhiteElo "2369"]
[BlackElo "2217"]
[PlyCount "64"]
[EventDate "2023.09.26"]
[EventType "swiss (blitz)"]
[EventRounds "11"]
[EventCountry "USA"]
[SourceTitle "EXT 2024"]
[Source "ChessBase"]
[SourceDate "2023.10.10"]
[SourceVersion "1"]
[SourceVersionDate "2023.10.10"]
[SourceQuality "1"]

1. e4 e6 2. d4 d5 3. Nd2 c5 4. Ngf3 cxd4 5. Nxd4 Nc6 6. Bb5 Bd7 7. Nxc6 bxc6 8. Bd3 Bd6 9. Qe2 Qc7 10. Nf3 Ne7 11. 0-0 0-0 12. c4 Ng6 13. b3 Ne5 14. g3 Nxd3 15. Qxd3 dxe4 16. Qxe4 c5 17. Bb2 Bc6 18. Qg4 f5 19. Qh5 g6 20. Qh6 Bxf3 21. Rfe1 Rfe8 22. Re3 Bb7 23. Rd1 Bf8 24. Qh4 Bg7 25. Bxg7 Kxg7 26. Red3 Re7 27. Rd6 Bd5 28. Ra6 Bf3 29. Rdd6 Bb7 30. Rxe6 Rae8 31. Qf6+ Kg8 32. Rad6 Qxd6 0-1

[Event "Titled Tuesday intern op 05th Sep Late"]
[Site "Chess.com INT"]
[Date "2023.09.05"]
[Round "4"]
[White "Davidson, Kevin"]
[Black "Mladek, Richard"]
[Result "0-1"]
[WhiteElo "2154"]
[BlackElo "2369"]
[PlyCount "132"]
[EventDate "2023.09.05"]
[EventType "swiss (blitz)"]
[EventRounds "11"]
[EventCountry "USA"]
[SourceTitle "EXT 2024"]
[Source "ChessBase"]
[SourceDate "2023.10.10"]
[SourceVersion "1"]
[SourceVersionDate "2023.10.10"]
[SourceQuality "1"]

1. e4 c5 2. Nf3 Nc6 3. d4 cxd4 4. Nxd4 g6 5. Be3 Nf6 6. Nc3 Bg7 7. Bc4 Qa5 8. 0-0 0-0 9. Bb3 d6 10. h3 Bd7 11. Re1 Rfe8 12. f4 Rac8 13. Nf3 Rcd8 14. Qd2 Qh5 15. Qf2 Na5 16. Bxa7 Nxb3 17. axb3 Bc6 18. Bb6 Rc8 19. e5 Nd7 20. Bd4 Bxf3 21. Qxf3 Qxf3 22. gxf3 e6 23. Ra7 Rb8 24. Nb5 d5 25. Kf2 Bf8 26. Rea1 Rec8 27. c3 Be7 28. Ke3 Kg7 29. b4 Rc6 30. R1a3 h6 31. R3a4 Kh7 32. Kd3 Kg7 33. Na3 Nb6 34. R4a5 Nd7 35. b5 Rcc8 36. b6 Bd8 37. Rb5 Rc6 38. c4 Bxb6 39. Bxb6 Nxb6 40. b3 Rd8 41. Kc3 dxc4 42. bxc4 Nd5+ 43. Kb3 Nxf4 44. Rbxb7 Rf8 45. Nb5 Nd3 46. Nd6 Nc5+ 47. Kb4 Nxb7 48. Rxb7 g5 49. c5 Kg6 50. Kb5 Rcc8 51. Nxc8 Rxc8 52. c6 f6 53. exf6 Kxf6 54. Kb6 Ke5 55. c7 Kd6 56. Ra7 e5 57. Rb7 h5 58. Ra7 Kd7 59. Rb7 Kd6 60. Ra7 e4 61. fxe4 g4 62. hxg4 hxg4 63. e5+ Kd7 64. e6+ Ke7 65. Kb7 Rxc7+ 66. Kxc7 Kxe6 0-1

[Event "Titled Tuesday intern op 05th Sep Late"]
[Site "Chess.com INT"]
[Date "2023.09.05"]
[Round "10"]
[White "Mladek, Richard"]
[Black "Dimitrov, Atanas Valtchev"]
[Result "0-1"]
[WhiteElo "2369"]
[BlackElo "2269"]
[PlyCount "92"]
[EventDate "2023.09.05"]
[EventType "swiss (blitz)"]
[EventRounds "11"]
[EventCountry "USA"]
[SourceTitle "EXT 2024"]
[Source "ChessBase"]
[SourceDate "2023.10.10"]
[SourceVersion "1"]
[SourceVersionDate "2023.10.10"]
[SourceQuality "1"]

1. d4 Nf6 2. c4 g6 3. Nc3 d5 4. cxd5 Nxd5 5. e4 Nxc3 6. bxc3 Bg7 7. h3 0-0 8. Nf3 c5 9. Be3 cxd4 10. cxd4 b6 11. Rc1 Bb7 12. d5 Nd7 13. Bb5 Rc8 14. 0-0 Nc5 15. Bxc5 bxc5 16. Qa4 a6 17. Bc4 Qd6 18. Rb1 Rb8 19. Rfe1 Qf4 20. Qd7 Ba8 21. Rxb8 Qxb8 22. Qxe7 Qb4 23. Bb3 a5 24. d6 c4 25. Bc2 Qa3 26. Qc7 Qxa2 27. Bb1 Qb3 28. d7 Bf6 29. e5 Bd8 30. Qd6 Bxf3 31. gxf3 Qxf3 32. Be4 Qxh3 33. Bd5 Qg4+ 34. Kf1 Kg7 35. Re4 Qd1+ 36. Kg2 c3 37. e6 c2 38. e7 Bxe7 39. Rxe7 Qg4+ 40. Kh2 Qh4+ 41. Kg2 c1Q 42. Qe5+ Qf6 43. Rxf7+ Rxf7 44. Qxf6+ Rxf6 45. d8Q Qg5+ 46. Kf1 Rxf2+ 0-1

[Event "Titled Tuesday intern op 05th Sep Late"]
[Site "Chess.com INT"]
[Date "2023.09.05"]
[Round "8"]
[White "Olsen, Filip Boe"]
[Black "Mladek, Richard"]
[Result "1/2-1/2"]
[WhiteElo "2428"]
[BlackElo "2369"]
[PlyCount "184"]
[EventDate "2023.09.05"]
[EventType "swiss (blitz)"]
[EventRounds "11"]
[EventCountry "USA"]
[SourceTitle "EXT 2024"]
[Source "ChessBase"]
[SourceDate "2023.10.10"]
[SourceVersion "1"]
[SourceVersionDate "2023.10.10"]
[SourceQuality "1"]

1. d4 Nf6 2. c4 g6 3. Nc3 Bg7 4. e4 d6 5. Be2 0-0 6. Be3 Nc6 7. d5 Ne5 8. h3 e6 9. Nf3 Nxf3+ 10. Bxf3 Nd7 11. 0-0 exd5 12. cxd5 Re8 13. Rc1 a6 14. Re1 Nc5 15. Bd4 Bxd4 16. Qxd4 Qg5 17. Qe3 Qxe3 18. Rxe3 Re7 19. Ne2 a5 20. Nd4 Bd7 21. b3 Rae8 22. Rce1 Kg7 23. h4 h5 24. g3 Kf6 25. Bg2 Kg7 26. a3 c6 27. dxc6 bxc6 28. b4 axb4 29. axb4 Na6 30. Nc2 Rb8 31. Rd1 c5 32. bxc5 dxc5 33. Rc3 Ba4 34. Rd6 Rb1+ 35. Kh2 Nb4 36. Ne3 Rb2 37. Kg1 Ra2 38. Rxc5 Nc2 39. Nxc2 Bxc2 40. e5 Ra1+ 41. Kh2 Ra2 42. Rd2 Bb3 43. Rxa2 Bxa2 44. f4 Be6 45. Kg1 Rd7 46. Kf2 Rd2+ 47. Kg1 Rd1+ 48. Kf2 Rd2+ 49. Kf1 Rd1+ 50. Ke2 Rg1 51. Kf2 Ra1 52. Rc2 Bf5 53. Rd2 Rc1 54. Bf3 Bh3 55. Bg2 Bg4 56. Bf3 Bh3 57. Re2 Rf1+ 58. Ke3 Ra1 59. Bd5 Ra3+ 60. Kf2 Bg4 61. e6 fxe6 62. Rxe6 Bxe6 63. Bxe6 Kf6 64. Bd5 Rd3 65. Bc6 Rc3 66. Bb7 Kf5 67. Bf3 Ra3 68. Be2 Kf6 69. Bf3 Rc3 70. Be2 Ke6 71. Bf3 Kd6 72. Be4 Rc5 73. Bxg6 Ke6 74. Kf3 Kf6 75. Be8 Ke7 76. Bg6 Kf6 77. Be4 Rc3+ 78. Kf2 Ra3 79. Bf3 Ra5 80. Ke3 Ra3+ 81. Kf2 Ra5 82. Be2 Kg6 83. Bf3 Ra2+ 84. Ke3 Ra3+ 85. Kf2 Ra5 86. Be4+ Kf6 87. Kf3 Ra3+ 88. Kg2 Ra2+ 89. Kf3 Ra3+ 90. Kf2 Ra5 91. Kf3 Ke6 92. Kf2 Kf6 1/2-1/2

[Event "Titled Tuesday intern op 05th Sep Late"]
[Site "Chess.com INT"]
[Date "2023.09.05"]
[Round "7"]
[White "Subervi Nunez, Jonathan Sigfredo"]
[Black "Mladek, Richard"]
[Result "0-1"]
[WhiteElo "2047"]
[BlackElo "2369"]
[PlyCount "60"]
[EventDate "2023.09.05"]
[EventType "swiss (blitz)"]
[EventRounds "11"]
[EventCountry "USA"]
[SourceTitle "EXT 2024"]
[Source "ChessBase"]
[SourceDate "2023.10.10"]
[SourceVersion "1"]
[SourceVersionDate "2023.10.10"]
[SourceQuality "1"]

1. e4 e5 2. Nf3 Nc6 3. d4 exd4 4. Nxd4 Bc5 5. Nb3 Bb4+ 6. Nc3 Nf6 7. Bd3 d5 8. exd5 Nxd5 9. 0-0 Nxc3 10. bxc3 Bxc3 11. Ba3 Bxa1 12. Re1+ Be5 13. Qh5 Qf6 14. Bb5 Be6 15. Bxc6+ bxc6 16. Rxe5 0-0-0 17. Qe2 Rd1+ 18. Qxd1 Qxe5 19. Qf1 Rd8 20. Qa6+ Kb8 21. g3 Rd1+ 22. Kg2 Qh5 23. f3 Qh3+ 24. Kf2 Qxh2+ 25. Ke3 Qg1+ 26. Kf4 g5+ 27. Ke5 Qxg3+ 28. Kf6 Qf4+ 29. Ke7 g4 30. Nc5 Qg5+ 0-1